| 000 | 00843nam a2200253 a 4500 | ||
|---|---|---|---|
| 001 | 66741 | ||
| 003 | BD-RjUL | ||
| 005 | 20211209081555.0 | ||
| 008 | 170320s1943 us af 001 0 eng d | ||
| 035 | _a(BD-RjUL)66872 | ||
| 040 |
_cBD-RjUL _dBD-RjUL _beng _aBD-RjUL |
||
| 041 | _aeng | ||
| 082 |
_223 _a616.075 _bGRC 1943 |
||
| 100 | 1 |
_aGradwohl, R. B. H. _q(Rutherford Birchard Hayes), _d1877-1959. _9197582 |
|
| 245 | 1 | 0 |
_aClinical laboratory methods and diagnosis : _ba textbook on laboratory procedures with their interpretation / _cRutherford Birchard Hayes Gradwohl; |
| 250 | _a3d ed. | ||
| 260 |
_aSt. Louis, _bThe C. V. Mosby company, _c1943. |
||
| 300 |
_a v. : _b ill. ; _c26 cm. |
||
| 500 | _aIncludes index | ||
| 505 | 0 | _aVol. 1 -- | |
| 650 | 0 |
_aDiagnosis, Laboratory. _940713 |
|
| 650 | 0 |
_aDiagnosis. _9197583 |
|
| 942 |
_2ddc _cBK |
||
| 999 |
_c66741 _d66741 |
||